[Event "Telechess ol2 8182"]
[Site "telex"]
[Date "1981.??.??"]
[Round "?"]
[White "Agzamov, Georgy"]
[Black "Espig, Lutz"]
[Result "1/2-1/2"]
[WhiteElo "2435"]
[BlackElo "2440"]
[EventDate "1981.??.??"]
[PlyCount "74"]

1.c4 c5 2.Nf3 e6 3.Nc3 d5 4.cxd5 exd5 5.d4 Nc6 6.g3 Nf6 7.Bg2 Be7 8.O-O 
O-O 9.Be3 c4 10.Ne5 Qa5 11.Qc2 Rd8 12.b3 Bb4 13.Na4 cxb3 14.axb3 Qb5 15.
Nxc6 bxc6 16.Rfc1 Bd7 17.Bg5 Be7 18.e3 h6 19.Bf1 Qb4 20.Bxf6 Bxf6 21.Nc5 
Be8 22.Ra6 Be7 23.Nd3 Qb8 24.Qa2 Rc8 25.Bg2 Rc7 26.b4 Qb5 27.Rc3 Bd6 28.
Ra5 Qb6 29.Ra6 Qb5 30.Rb3 Bd7 31.Ra5 Qb7 32.Nc5 Bxc5 33.Rxc5 Qb6 34.Qc2 
Rcc8 35.Bf3 Rab8 36.Kg2 Qd8 37.Rbc3 a6 1/2-1/2

[Event "Telechess ol2 8182"]
[Site "telex"]
[Date "1981.??.??"]
[Round "?"]
[White "Balashov, Yuri S"]
[Black "Vogt, Lothar"]
[Result "1-0"]
[WhiteElo "2600"]
[BlackElo "2455"]
[EventDate "1981.??.??"]
[PlyCount "84"]

1.e4 c5 2.Nf3 e6 3.Nc3 d6 4.d4 cxd4 5.Nxd4 Be7 6.Be2 Nf6 7.O-O O-O 8.f4 
Nc6 9.Be3 e5 10.fxe5 dxe5 11.Nf5 Bxf5 12.Rxf5 Rc8 13.Kh1 g6 14.Rf1 Qxd1 
15.Raxd1 Kg7 16.g4 h6 17.Nd5 Nxe4 18.Nxe7 Nxe7 19.Rd7 Ng8 20.Rxb7 Ngf6 21.
c4 Rb8 22.Rb5 Rfd8 23.Rd1 Rxd1+ 24.Bxd1 Re8 25.Be2 h5 26.gxh5 Nxh5 27.Bxh5
gxh5 28.Bxa7 f5 29.c5 Kf6 30.c6 Rc8 31.Bb8 Rxc6 32.Bxe5+ Kg5 33.Kg2 Kg4 
34.h3+ Kh4 35.Bd4 Rc2+ 36.Kf3 Ng5+ 37.Ke3 Rh2 38.Rxf5 Rxh3+ 39.Ke2 Kg4 40.
Rf6 h4 41.Be5 Rh1 42.Rf4+ Kh5 1-0

[Event "Telechess ol2 8182"]
[Site "telex"]
[Date "1981.??.??"]
[Round "?"]
[White "Chandler, Murray G"]
[Black "Romanishin, Oleg M"]
[Result "1-0"]
[WhiteElo "2455"]
[BlackElo "2595"]
[EventDate "1981.??.??"]
[PlyCount "63"]

1.e4 e5 2.Nf3 Nc6 3.Bb5 a6 4.Ba4 Nf6 5.O-O Be7 6.Re1 d6 7.Bxc6+ bxc6 8.d4 
exd4 9.Nxd4 Bd7 10.Qf3 O-O 11.Nc3 Rb8 12.b3 Re8 13.h3 Bf8 14.Bg5 h6 15.Bh4
g5 16.Bg3 Bg7 17.e5 Nd5 18.Nxd5 dxe5 19.Nxc7 Qxc7 20.Nf5 Bxf5 21.Qxf5 Rbd8
22.Rad1 Qa5 23.Kh2 Rd5 24.c4 Rd2 25.Rxd2 Qxd2 26.Re3 Qxa2 27.Qd7 Re6 28.
Qd8+ Kh7 29.Rf3 Rg6 30.Rxf7 g4 31.Bxe5 gxh3 32.Qd3 1-0

[Event "Telechess ol2 8182"]
[Site "telex"]
[Date "1981.??.??"]
[Round "?"]
[White "Gruenberg, Hans-Ulrich"]
[Black "Sjoberg, Mats"]
[Result "1-0"]
[WhiteElo "2435"]
[BlackElo "2230"]
[EventDate "1981.??.??"]
[PlyCount "95"]

1.d4 Nf6 2.c4 c5 3.d5 e6 4.Nc3 exd5 5.cxd5 d6 6.e4 g6 7.f3 Bg7 8.Bg5 h6 9.
Be3 O-O 10.Qd2 Nbd7 11.Nh3 Kh7 12.Be2 a6 13.a4 Qa5 14.O-O Ne5 15.Nf2 Rb8 
16.Qc2 Ne8 17.f4 Nd7 18.Bd2 Qd8 19.Ncd1 b5 20.axb5 axb5 21.Bc3 Ndf6 22.Ne3
b4 23.Bd2 Nc7 24.Bc4 Re8 25.Qd3 Nh5 26.Ned1 f5 27.exf5 Bxf5 28.Qf3 Nf6 29.
g4 Bc2 30.Ne3 Be4 31.Nxe4 Nxe4 32.Bc1 Qf6 33.Ra7 Rbc8 34.Kh1 Re7 35.Bd3 
Rce8 36.Bxe4 Qd4 37.Bxg6+ Kxg6 38.Nf5 Qxd5 39.Nxe7+ Rxe7 40.Qxd5 Nxd5 41.
Ra6 Rd7 42.f5+ Kh7 43.h4 Bd4 44.g5 Ne3 45.Bxe3 Bxe3 46.f6 Rf7 47.Re1 Bd4 
48.Re7 1-0

[Event "Telechess ol2 8182"]
[Site "telex"]
[Date "1981.??.??"]
[Round "?"]
[White "Hecht, Hans-Joachim"]
[Black "Raaste, Eero J"]
[Result "1/2-1/2"]
[WhiteElo "2475"]
[BlackElo "2390"]
[EventDate "1981.??.??"]
[PlyCount "128"]

1.e4 e6 2.d4 d5 3.Nd2 c5 4.exd5 exd5 5.Bb5+ Nc6 6.Ne2 Bd6 7.O-O cxd4 8.Nf3
Ne7 9.Nfxd4 O-O 10.c3 Bg4 11.h3 Bh5 12.Re1 Qb6 13.Nxc6 bxc6 14.Bd3 Rfe8 
15.b3 Bc5 16.Rf1 a5 17.Qc2 Bg6 18.Nf4 Bxd3 19.Nxd3 Ng6 20.Nxc5 Qxc5 21.Be3
Qb5 22.c4 dxc4 23.bxc4 Qe5 24.Rad1 Nh4 25.Qd3 h6 26.Rfe1 Qf6 27.Bb6 Rxe1+ 
28.Rxe1 a4 29.Bc7 Ng6 30.Qd7 Kh7 31.Qd3 Kg8 32.Bd6 Nf4 33.Qd2 Ne6 34.c5 
Qd4 35.Qc2 Ra5 36.Rd1 Qf6 37.Rb1 Ra8 38.Qe4 Qg6 39.Qxg6 fxg6 40.Rb6 Nd8 
41.Kf1 Kf7 42.Rb4 Ra5 43.Rf4+ Ke6 44.Bc7 Ra8 45.Rf8 Kd7 46.Bb6 Rc8 47.
Rxd8+ Rxd8 48.Bxd8 Kxd8 49.Ke2 Ke7 50.Kd3 Ke6 51.Kc4 g5 52.Kb4 Kd5 53.f3 
Kd4 54.Kxa4 Kxc5 55.Kb3 Kd4 56.a4 c5 57.a5 Kd3 58.a6 c4+ 59.Kb4 c3 60.a7 
c2 61.a8=Q c1=Q 62.Qe4+ Kd2 63.Qd4+ Ke2 64.Qxg7 Qf4+ 1/2-1/2

[Event "Telechess ol2 8182"]
[Site "telex"]
[Date "1982.??.??"]
[Round "?"]
[White "Karlsson, Lars"]
[Black "Raaste, Eero J"]
[Result "1-0"]
[WhiteElo "2500"]
[BlackElo "2390"]
[EventDate "1981.??.??"]
[PlyCount "81"]

1.c4 e6 2.g3 d5 3.Bg2 c5 4.Nf3 Nc6 5.O-O Nf6 6.d4 Be7 7.cxd5 exd5 8.dxc5 
Bxc5 9.Bg5 O-O 10.Nc3 d4 11.Ne4 Be7 12.Bxf6 Bxf6 13.Ne1 Bf5 14.Nd3 Rc8 15.
Rc1 Re8 16.Ndc5 Bxe4 17.Nxe4 d3 18.exd3 Bxb2 19.Rb1 Bd4 20.Rxb7 Re7 21.
Rxe7 Nxe7 22.Nd2 Qa5 23.Nb3 Qb6 24.Qe2 Ng6 25.Be4 a5 26.Kg2 a4 27.Nxd4 
Qxd4 28.Rb1 Nf8 29.Qg4 Qc5 30.Rb7 Rc7 31.d4 Qe7 32.Rb8 g6 33.Qf4 Kg7 34.
Bd5 Rd7 35.Bc6 Ra7 36.d5 Nd7 37.Qd4+ Qe5 38.Qxa7 Nxb8 39.Qxa4 Nxc6 40.dxc6
Qd5+ 41.Kg1 1-0

[Event "Telechess ol2 8182"]
[Site "telex"]
[Date "1981.??.??"]
[Round "?"]
[White "Keene, Raymond D"]
[Black "Hjartarson, Johann"]
[Result "1-0"]
[WhiteElo "2490"]
[BlackElo "2405"]
[EventDate "1981.??.??"]
[PlyCount "85"]

1.d4 Nf6 2.c4 e6 3.Nc3 Bb4 4.e3 c5 5.Bd3 Nc6 6.Nf3 Bxc3+ 7.bxc3 d6 8.e4 e5
9.h3 h6 10.O-O Bd7 11.dxc5 dxc5 12.Ne1 Na5 13.Nc2 Ba4 14.Qe2 Bxc2 15.Bxc2 
Qc7 16.f4 Nc6 17.Be3 Nd7 18.Qg4 g6 19.Rad1 O-O-O 20.Rd5 h5 21.Qg5 f6 22.
Qxg6 Ne7 23.Qg3 Nxd5 24.exd5 Nb6 25.fxe5 fxe5 26.Bg5 Rde8 27.Bg6 Ref8 28.
Bf6 Rhg8 29.Bxe5 Rxf1+ 30.Kxf1 Qd7 31.Qf4 Nxc4 32.Qxc4 Rxg6 33.Qxc5+ Kd8 
34.Qf8+ Qe8 35.Qf5 Qg8 36.d6 Qc4+ 37.Kg1 Qe6 38.Qxh5 Kd7 39.Qh7+ Ke8 40.
Kh1 a6 41.Qc7 Rg5 42.Qb8+ Kf7 43.Qxb7+ 1-0

[Event "Telechess ol2 8182"]
[Site "telex"]
[Date "1981.??.??"]
[Round "?"]
[White "Keene, Raymond D"]
[Black "Jussupow, Artur"]
[Result "1/2-1/2"]
[WhiteElo "2490"]
[BlackElo "2575"]
[EventDate "1981.??.??"]
[PlyCount "100"]

1.d4 d5 2.c4 c6 3.Nf3 Nf6 4.Nc3 e6 5.Bg5 Nbd7 6.e3 Qa5 7.Nd2 Bb4 8.Qc2 O-O
9.Be2 e5 10.O-O exd4 11.Nb3 Qb6 12.exd4 Qc7 13.cxd5 cxd5 14.Rac1 Bxc3 15.
Qxc3 Qxc3 16.bxc3 h6 17.Bf4 b6 18.Rfe1 Re8 19.Bb5 Bb7 20.f3 a6 21.Bd3 
Rxe1+ 22.Rxe1 Bc6 23.Kf2 Bb5 24.Bb1 Rc8 25.Re3 Nf8 26.g4 Ne6 27.Be5 Nd7 
28.Bg3 Rc6 29.h4 g5 30.hxg5 hxg5 31.Bf5 Ndf8 32.Bb1 f6 33.Ke1 Kf7 34.Kd2 
Nf4 35.Re1 N8g6 36.Rh1 Kg7 37.Nc1 Re6 38.Bf5 Re8 39.Rh2 Bf1 40.Rf2 Bc4 41.
Rh2 a5 42.a3 b5 43.Nd3 Nxd3 44.Bxd3 a4 45.Bf5 Nf4 46.Rh7+ Kg8 47.Rh2 Re7 
48.Bc2 Re6 49.Bh7+ Kg7 50.Bf5 Re8 1/2-1/2

[Event "Telechess ol2 8182"]
[Site "telex"]
[Date "1981.??.??"]
[Round "?"]
[White "Knaak, Rainer"]
[Black "Panczyk, Krzysztof"]
[Result "1-0"]
[WhiteElo "2495"]
[BlackElo "2365"]
[EventDate "1981.??.??"]
[PlyCount "59"]

1.d4 Nf6 2.c4 e6 3.Nc3 d5 4.cxd5 exd5 5.Bg5 Be7 6.e3 c6 7.Qc2 Nbd7 8.Nf3 
O-O 9.Bd3 Re8 10.O-O-O Nf8 11.h3 Be6 12.g4 Rc8 13.Kb1 a6 14.Rdg1 c5 15.
Bxf6 Bxf6 16.g5 Be7 17.h4 b5 18.dxc5 Bxc5 19.Qd1 Qa5 20.Nd4 Bxd4 21.exd4 
Nd7 22.f4 Nb6 23.f5 Bd7 24.g6 fxg6 25.h5 Rxc3 26.hxg6 Rxd3 27.gxh7+ Kh8 
28.Qxd3 Nc4 29.f6 g5 30.f7 1-0

[Event "Telechess ol2 8182"]
[Site "telex"]
[Date "1982.??.??"]
[Round "?"]
[White "Knaak, Rainer"]
[Black "Tseshkovsky, Vitaly V"]
[Result "1-0"]
[WhiteElo "2495"]
[BlackElo "2530"]
[EventDate "1981.??.??"]
[PlyCount "57"]

1.d4 Nf6 2.c4 c5 3.d5 g6 4.Nc3 d6 5.e4 Bg7 6.Bd3 O-O 7.Nge2 e6 8.O-O exd5 
9.cxd5 b6 10.a4 Na6 11.h3 Nb4 12.Bb1 Re8 13.Bg5 h6 14.Bh4 Ba6 15.f4 Qd7 
16.Bxf6 Bxf6 17.e5 dxe5 18.f5 Bxe2 19.Nxe2 Kg7 20.Be4 Bg5 21.Ra3 Bf4 22.
Nxf4 exf4 23.Rxf4 Rxe4 24.f6+ Kf8 25.Rxe4 Nxd5 26.Qd2 Nxf6 27.Qxh6+ Kg8 
28.Rh4 Nh5 29.Rg3 1-0

[Event "Telechess ol2 8182"]
[Site "telex"]
[Date "1981.??.??"]
[Round "?"]
[White "Kupreichik, Viktor D"]
[Black "Malich, Burkhard"]
[Result "1/2-1/2"]
[WhiteElo "2575"]
[BlackElo "2470"]
[EventDate "1981.??.??"]
[PlyCount "75"]

1.e4 e5 2.Nf3 Nc6 3.Bb5 a6 4.Ba4 Nf6 5.O-O Be7 6.Re1 b5 7.Bb3 O-O 8.a4 b4 
9.d4 d6 10.dxe5 Nxe5 11.Nxe5 dxe5 12.Bg5 Bb7 13.Nd2 h6 14.Bxf6 Bxf6 15.Nc4
Qxd1 16.Raxd1 Rfd8 17.f3 Bc6 18.Kf1 Kf8 19.Na5 Rxd1 20.Rxd1 Be8 21.Bd5 Rd8
22.Nb7 Rb8 23.Nc5 a5 24.Bc4 Rd8 25.Rxd8 Bxd8 26.Nb7 Ke7 27.Nxa5 Bxa4 28.b3
Be8 29.Nb7 c6 30.Nc5 Bc7 31.g3 Bd6 32.Nd3 f6 33.Ke2 Bd7 34.Kd2 h5 35.Ke3 
g6 36.Ke2 Bc8 37.Kf2 Kf8 38.Ke3 1/2-1/2

[Event "Telechess ol2 8182"]
[Site "telex"]
[Date "1981.??.??"]
[Round "?"]
[White "Malich, Burkhard"]
[Black "Cramling, Dan"]
[Result "1-0"]
[WhiteElo "2470"]
[BlackElo "2380"]
[EventDate "1981.??.??"]
[PlyCount "101"]

1.Nf3 g6 2.c4 Bg7 3.d4 d6 4.g3 Nd7 5.Bg2 e5 6.Nc3 Ne7 7.O-O O-O 8.e4 exd4 
9.Nxd4 Nc6 10.Nde2 a5 11.h3 Nc5 12.Be3 a4 13.Nd4 Be6 14.Nd5 Bxd5 15.cxd5 
Nxd4 16.Bxd4 Re8 17.Re1 Bxd4 18.Qxd4 Qg5 19.Rad1 Re7 20.Re3 Qe5 21.Qd2 Qg7
22.Rde1 Rae8 23.Kh2 f5 24.exf5 Rxe3 25.Rxe3 Rxe3 26.Qxe3 gxf5 27.b4 axb3 
28.axb3 Qf6 29.b4 Ne4 30.f3 Nc3 31.f4 b6 32.Qe8+ Qf8 33.Qe3 Qf6 34.g4 fxg4
35.hxg4 h6 36.Kg3 Kf8 37.Bf3 Nb5 38.Be2 Qc3 39.Kf2 Qxe3+ 40.Kxe3 Na7 41.
Ke4 Nc8 42.Bd3 Kf7 43.Kd4 Ne7 44.Kc4 Ke8 45.Be4 Kd8 46.Kb5 c6+ 47.Kxb6 
cxd5 48.Bd3 d4 49.b5 Nd5+ 50.Ka7 Nxf4 51.b6 1-0

[Event "Telechess ol2 8182"]
[Site "telex"]
[Date "1981.??.??"]
[Round "?"]
[White "Pyhala, Antti"]
[Black "Akesson, Ralf"]
[Result "1/2-1/2"]
[WhiteElo "2240"]
[BlackElo "2305"]
[EventDate "1981.??.??"]
[PlyCount "37"]

1.e4 c6 2.d4 d5 3.exd5 cxd5 4.c4 Nf6 5.Nc3 e6 6.cxd5 Nxd5 7.Nf3 Be7 8.Bd3 
b6 9.Ne5 O-O 10.Qh5 g6 11.Qf3 f6 12.Nxg6 hxg6 13.Qg4 g5 14.Qh5 f5 15.Qg6+ 
Kh8 16.Qh6+ Kg8 17.Qg6+ Kh8 18.Qh6+ Kg8 19.Qg6+ 1/2-1/2

[Event "Telechess ol2 8182"]
[Site "telex"]
[Date "1981.??.??"]
[Round "?"]
[White "Renman, Nils-Gustaf"]
[Black "Hurme, Harri M"]
[Result "1/2-1/2"]
[WhiteElo "2390"]
[BlackElo "2355"]
[EventDate "1981.??.??"]
[PlyCount "92"]

1.d4 d5 2.Nf3 Nf6 3.c4 e6 4.Nc3 Be7 5.Bg5 O-O 6.e3 c6 7.Rc1 Nbd7 8.Be2 
dxc4 9.Bxc4 Nd5 10.Bxe7 Qxe7 11.Ne4 N5f6 12.Ng3 Qb4+ 13.Qd2 Qxd2+ 14.Kxd2 
b6 15.e4 Rd8 16.e5 Ne8 17.Ke3 Bb7 18.Rhd1 c5 19.d5 Nc7 20.dxe6 fxe6 21.Rd6
Bxf3 22.gxf3 Nxe5 23.Bxe6+ Nxe6 24.Rxe6 Nd3 25.Rb1 Nb4 26.a3 Nc2+ 27.Kf4 
Rf8+ 28.Kg4 Rxf3 29.Kxf3 Nd4+ 30.Ke4 Nxe6 31.Kd5 Re8 32.b4 Kf7 33.Nf5 Kf6 
34.Nd6 Nf4+ 35.Kc6 Re5 36.Nc8 c4 37.Rc1 b5 38.Kb7 Ne2 39.Rc2 Nd4 40.Rc3 
Rf5 41.Nxa7 Rxf2 42.Kb6 Rb2 43.Kc5 Ke5 44.Nxb5 Nxb5 45.Kxb5 Rxh2 46.a4 g5 
1/2-1/2

[Event "Telechess ol2 8182"]
[Site "telex"]
[Date "1981.??.??"]
[Round "?"]
[White "Ristoja, Thomas W"]
[Black "Hess, Ralf"]
[Result "1-0"]
[WhiteElo "2360"]
[BlackElo "2425"]
[EventDate "1981.??.??"]
[PlyCount "57"]

1.e4 e5 2.Nc3 Nc6 3.g3 f5 4.d3 Nf6 5.Bg2 Bb4 6.Ne2 O-O 7.O-O d6 8.Nd5 Ba5 
9.Bg5 Ne7 10.Bxf6 gxf6 11.Nxe7+ Qxe7 12.exf5 c6 13.g4 h5 14.Ng3 hxg4 15.
Qxg4+ Qg7 16.Qc4+ Rf7 17.Kh1 Bd7 18.Bf3 d5 19.Qa4 Bb6 20.Bh5 Re7 21.Bg6 
Qh6 22.Qg4 Kh8 23.Nh5 Rf8 24.Rg1 Rh7 25.Bxh7 Qxh7 26.Qh4 Bxf5 27.Rg7 Qh6 
28.Rag1 e4 29.Nxf6 1-0

[Event "Telechess ol2 8182"]
[Site "telex"]
[Date "1981.??.??"]
[Round "?"]
[White "Tischbierek, Raj"]
[Black "Akesson, Ralf"]
[Result "1/2-1/2"]
[WhiteElo "2380"]
[BlackElo "2305"]
[EventDate "1981.??.??"]
[PlyCount "57"]

1.e4 c5 2.Nf3 d6 3.d4 cxd4 4.Nxd4 Nf6 5.Nc3 e6 6.Be2 Be7 7.O-O Nc6 8.Be3 
O-O 9.f4 Qc7 10.Kh1 Nxd4 11.Qxd4 a6 12.a4 Bd7 13.e5 Ne8 14.Bf3 Bc6 15.Bxc6
bxc6 16.Ne4 Rb8 17.exd6 Nxd6 18.Nxd6 Bxd6 19.Rad1 Rfd8 20.b3 c5 21.Qc4 Qc6
22.f5 Re8 23.fxe6 Rxe6 24.Rxd6 Qxd6 25.Bf4 Rb4 26.Qxb4 cxb4 27.Bxd6 Rxd6 
28.h3 Rd5 29.Rf4 1/2-1/2

[Event "Telechess ol2 8182"]
[Site "telex"]
[Date "1981.??.??"]
[Round "?"]
[White "Tukmakov, Vladimir B"]
[Black "Mestel, A. Jonathan"]
[Result "1/2-1/2"]
[WhiteElo "2480"]
[BlackElo "2475"]
[EventDate "1981.??.??"]
[PlyCount "100"]

1.d4 Nf6 2.c4 d6 3.Nc3 g6 4.e4 Bg7 5.Be2 O-O 6.Bg5 Nc6 7.d5 Ne5 8.Qd2 c6 
9.Nf3 Nxf3+ 10.Bxf3 cxd5 11.exd5 Ng4 12.Bxg4 Bxg4 13.O-O Re8 14.Rfe1 Rc8 
15.b3 a6 16.Rac1 Bd7 17.Ne4 Bf5 18.Ng3 Bd7 19.b4 b6 20.h4 Rc7 21.Be3 Qc8 
22.Qd3 Qb7 23.Bd4 Bh6 24.Rc2 b5 25.Qf3 Rxc4 26.Rxc4 bxc4 27.Ne4 f5 28.Ng5 
e5 29.dxe6 Qxf3 30.gxf3 Bxg5 31.hxg5 Bxe6 32.Kg2 Kf7 33.Rh1 Kg8 34.Re1 f4 
35.Bc3 d5 36.Rd1 Rf8 37.Re1 Re8 38.Rd1 Rd8 39.a4 Kf7 40.b5 axb5 41.axb5 
Rb8 42.Rb1 Bf5 43.Rb2 Ke6 44.b6 Kd6 45.Bd4 Kc6 46.Kf1 Ra8 47.b7 Rb8 48.Ke2
Rxb7 49.Rxb7 Kxb7 50.Kd2 Kc6 1/2-1/2

[Event "Telechess ol2 8182"]
[Site "telex"]
[Date "1981.??.??"]
[Round "?"]
[White "Uhlmann, Wolfgang"]
[Black "Jussupow, Artur"]
[Result "1/2-1/2"]
[WhiteElo "2475"]
[BlackElo "2575"]
[EventDate "1981.??.??"]
[PlyCount "71"]

1.c4 Nf6 2.Nc3 e6 3.Nf3 d5 4.d4 c6 5.Bg5 Nbd7 6.e3 Qa5 7.cxd5 Nxd5 8.Qd2 
N7b6 9.Bd3 Nxc3 10.bxc3 Nd5 11.O-O Qxc3 12.Qe2 Bd6 13.Nd2 Qa5 14.e4 Bf4 
15.Nc4 Qc7 16.Qh5 g6 17.Qh6 Bxg5 18.Qxg5 Qf4 19.Qg3 Qxg3 20.fxg3 Nb4 21.
Nd6+ Ke7 22.Nxf7 Rf8 23.Ne5 Bd7 24.Rfd1 Nxd3 25.Rxd3 b6 26.Rc1 Rac8 27.g4 
Be8 28.g5 Rf4 29.Rh3 Rxe4 30.Rxh7+ Kd6 31.Rd1 c5 32.Nf3 c4 33.Rxa7 Re2 34.
Ra6 Rb2 35.Rc1 Kd5 36.h4 1/2-1/2

[Event "Telechess ol2 8182"]
[Site "telex"]
[Date "1981.??.??"]
[Round "?"]
[White "Vasiukov, Evgeni"]
[Black "Taulbut, Shaun M"]
[Result "1/2-1/2"]
[WhiteElo "2545"]
[BlackElo "2380"]
[EventDate "1981.??.??"]
[PlyCount "80"]

1.e4 e5 2.Nf3 Nc6 3.Bb5 Nf6 4.O-O Bc5 5.c3 O-O 6.d4 Bb6 7.Re1 d6 8.h3 Bd7 
9.a4 a6 10.Bf1 h6 11.a5 Ba7 12.Be3 exd4 13.cxd4 d5 14.e5 Ne4 15.Nc3 Ne7 
16.Bd3 Bf5 17.Qc2 Nxc3 18.bxc3 Qd7 19.Rab1 b6 20.Nh4 Bxd3 21.Qxd3 bxa5 22.
f4 f5 23.Kh2 Rab8 24.Qxa6 Rxb1 25.Rxb1 Bb6 26.Bc1 Qa4 27.Qb5 Qa2 28.Qb3 
Qxb3 29.Rxb3 a4 30.Ra3 Ra8 31.Ra2 c5 32.Ba3 Rc8 33.dxc5 Bxc5 34.Bxc5 Rxc5 
35.Rxa4 Rxc3 36.Ra7 Kf8 37.e6 g6 38.Nf3 Rc6 39.Ne5 Rxe6 40.Ra8+ Kg7 
1/2-1/2

[Event "Telechess ol2 8182"]
[Site "telex"]
[Date "1981.??.??"]
[Round "?"]
[White "Vogt, Lothar"]
[Black "Schneider, Lars-Ake"]
[Result "1/2-1/2"]
[WhiteElo "2455"]
[BlackElo "2410"]
[EventDate "1981.??.??"]
[PlyCount "102"]

1.e4 c5 2.Nf3 e6 3.d4 cxd4 4.Nxd4 Nf6 5.Nc3 d6 6.f4 Be7 7.Bb5+ Nfd7 8.f5 
O-O 9.fxe6 Ne5 10.exf7+ Rxf7 11.Be2 Nbc6 12.Be3 Bh4+ 13.g3 Bg5 14.Nxc6 
bxc6 15.Bxg5 Qxg5 16.Qd2 Qxd2+ 17.Kxd2 Rb8 18.b3 Bh3 19.Rad1 Kf8 20.Kc1 
Ke7 21.Rd2 a5 22.Re1 Rf2 23.Bh5 Rbf8 24.Nd1 Rf1 25.Rxf1 Rxf1 26.Rf2 Rh1 
27.Kb2 Bg4 28.Bxg4 Nxg4 29.Rf4 Ne5 30.Ne3 Rxh2 31.Nf5+ Kd7 32.Rf1 g6 33.
Nd4 Ke7 34.Nf3 Nxf3 35.Rxf3 Re2 36.Rc3 c5 37.Rc4 h5 38.Ra4 Kd7 39.Rxa5 Rg2
40.e5 dxe5 41.Rxc5 Rxg3 42.Rxe5 h4 43.Ra5 h3 44.Ra7+ Ke6 45.Rh7 g5 46.a4 
g4 47.a5 Kf5 48.a6 Re3 49.b4 Re8 50.b5 Kg6 51.Rh4 Kg5 1/2-1/2

[Event "Telechess ol2 8182"]
[Site "telex"]
[Date "1981.??.??"]
[Round "?"]
[White "Wedberg, Tom"]
[Black "Binham, Timothy F"]
[Result "1-0"]
[WhiteElo "2420"]
[BlackElo "2375"]
[EventDate "1981.??.??"]
[PlyCount "105"]

1.e4 e6 2.d4 d5 3.Nc3 Nf6 4.Bg5 Bb4 5.e5 h6 6.Bd2 Bxc3 7.bxc3 Ne4 8.Qg4 g6
9.Bd3 Nxd2 10.Kxd2 c5 11.Qf4 cxd4 12.cxd4 Qa5+ 13.Ke2 Nd7 14.a4 b6 15.Qd2 
Qxd2+ 16.Kxd2 Ke7 17.Ne2 Nb8 18.a5 bxa5 19.Bb5 Bd7 20.Rxa5 Rc8 21.Rha1 
Bxb5 22.Rxb5 Rc7 23.Rba5 Nc6 24.Rc5 Kd7 25.Ra6 Rb8 26.Kc1 Rb6 27.Ra3 Rcb7 
28.Rf3 Nd8 29.g4 Rb1+ 30.Kd2 Rc7 31.Ra5 Rb2 32.Nc3 Rb4 33.Nb5 Rb7 34.Nd6 
Rxd4+ 35.Kc1 Rbb4 36.Rxa7+ Kc6 37.Rc3+ Kb6 38.Nc8+ Kb5 39.Nd6+ Kb6 40.Rd7 
Nc6 41.Rb7+ Ka5 42.Rc5+ Ka4 43.Rc7 Rb6 44.R5xc6 Rxc6 45.Rxc6 Rxg4 46.Nxf7 
Rf4 47.Nxh6 Rxf2 48.Rxe6 g5 49.Rg6 Rxh2 50.e6 Re2 51.Nf5 g4 52.Kd1 Re5 53.
e7 1-0